00275nam a2200097Ia 4500008004100000082001200041100002100053245008400074260000900158300001000167190415s9999 xx 000 0 und d aRR.0008 aRoy Burman, Bima 0aInternal structure and networks of economic and political relations of sects in c1981 a109p.